Central Library OPAC University of Rajshahi

নজরুল-গীতি : (Record no. 65128)

MARC details
000 -LEADER
fixed length control field 01391nam a2200313 a 4500
001 - CONTROL NUMBER
control field 65128
003 - CONTROL NUMBER IDENTIFIER
rucl marc code BD-RjUL
005 - DATE AND TIME OF LATEST TRANSACTION
control field 20211209081405.0
008 - FIXED-LENGTH DATA ELEMENTS--GENERAL INFORMATION
fixed length control field 170227s1999 ii |||| 001 0aben
020 ## - INTERNATIONAL STANDARD BOOK NUMBER
Terms of availability : IRs. 150.00
035 ## - SYSTEM CONTROL NUMBER
System control number (BD-RjUL)65258
040 ## - CATALOGING SOURCE
Original cataloging agency DLC
Transcribing agency MChB
Modifying agency BD-RjUL
Language of cataloging ben/eng
041 ## - LANGUAGE CODE
Language code of text/sound track or separate title ben
082 ## - DEWEY DECIMAL CLASSIFICATION NUMBER
Classification number 782.0095414
Author mark and year ISN 1999
Edition number 23
100 ## - MAIN ENTRY--PERSONAL NAME
Personal name ইসলাম, কাজী নজরুল
9 (RLIN) 246788
245 10 - TITLE STATEMENT
Title নজরুল-গীতি :
Remainder of title অখন্ড /
Statement of responsibility, etc. কাজী নজরুল ইসলাম ; সম্পাদনা: আবদুল আজীজ আল্-আমান
250 ## - EDITION STATEMENT
Edition statement ৬ষ্ঠ সং.
260 ## - PUBLICATION, DISTRIBUTION, ETC. (IMPRINT)
Place of publication, distribution, etc. কলকাতা:
Name of publisher, distributor, etc. হরফ প্রকাশনী,
Date of publication, distribution, etc. ১৯৯৯
300 ## - PHYSICAL DESCRIPTION
Pagination ৬৭৬ পৃ. ;
Size ২২ সেমি.
600 ## - SUBJECT ADDED ENTRY--PERSONAL NAME
Personal name
Fuller form of name .
Title of a work
Personal name ইসলাম, কাজী নজরুল,
Dates associated with a name --১৮৯৯-১৯৭৬
General subdivision গান এবং সংগীত
Personal name Islam, Kazi Nazrul,
Dates associated with a name -- 1899-1976
General subdivision Songs and music
650 ## - SUBJECT ADDED ENTRY--TOPICAL TERM
Topical term or geographic name as entry element গান, বাংলা
Geographic subdivision পাঠ্য
9 (RLIN) 246838
Topical term or geographic name as entry element Songs, Bengali
Geographic subdivision Texts
9 (RLIN) 246839
Topical term or geographic name as entry element বাংলা কবিতা
9 (RLIN) 246840
Topical term or geographic name as entry element Bengali poetry
9 (RLIN) 246841
700 ## - ADDED ENTRY--PERSONAL NAME
Personal name আল্-আমান, আবদুল আজীজ, সম্পাদক
942 ## - ADDED ENTRY ELEMENTS (KOHA)
Source of classification or shelving scheme Dewey Decimal Classification
Koha item type Rare Books
Holdings
Lost status Source of classification or shelving scheme Damaged status Not for loan Collection code Permanent Location Current Location Shelving location Date acquired Source of acquisition Cost, normal purchase price Total Checkouts Full call number Date last seen Copy number Koha item type
  Dewey Decimal Classification   Not For Loan Rare Books Central Library, University of Rajshahi Central Library, University of Rajshahi Rare Book Section 27/07/2005 Dhaka, High Commission of India 150.00   BRA 782.0095414 ISN 1999 07/04/2021 C-1 Rare Books
  Dewey Decimal Classification     Non-fiction Central Library, University of Rajshahi Central Library, University of Rajshahi General Stacks 01/11/2022 Ankur prkashoni, Dhaka 120.00   BRA 782.0095414 ISN 1993 01/11/2022 C-2 Rare Books